000 00811nam0a2200265 4500
001 RU\NLR\ONL2\15818
005 20250613131414.0
035 _a(NLR Aleph) 009663403
090 _a9624785
_c9624785
100 _a20091210d2009 |||y0rusy50 ca
101 0 _aalt
102 _aRU
105 _ay |||||||||
200 1 _aСургулjын
_fАлександр Ередеев
210 _aГорно-Алтайск
_cАлтын-Туу
_d2009
215 _a459,[1] c.
_d21
541 1 _aСияющая нить
_eстихи и рассказы
_zrus
686 1 _aШ6(2=Алт)7 я44
700 1 _aЕредеев
_bА. Я.
_gАлександр Янганович
_4070
801 0 _aRU
_bNLR
_c20091210
_gPSBO
852 _aNLR
_bОНЛ
_jАлт./3-952
942 _cBOOK
980 _aNB
980 _aONL_RF